000 00212nam a2200109Ia 4500
100 _aODIORNE/GEORGE.
942 _cBK
245 _aMANAGEMENT BY OBJECTIVES.
260 _b#N/A
546 _aENGLISH
999 _c25848
_d25848